Word Ladder: Compound Words Quiz Stats

 Plays Quiz Updated Dec 22, 2017

Score 0/50 Timer 05:00
0 Plays Today
4-Letter Word Word % Correct
Group of musiciansBAND
96.7%
Algebra or calculusMATH
95.4%
AutumnFALL
95%
Shopping centerMALL
94.8%
SpeedyFAST
94%
Curled up handFIST
93.8%
⇐ ...a common aquatic pet ⇐FISH
93.4%
____-in-the-blankFILL
93.3%
Connection between atomsBOND
92.3%
House topROOF
92.3%
MisplacedLOST
91.9%
Slightly wetDAMP
90.5%
Not badGOOD
90%
Husband's partnerWIFE
89.8%
Type-setting option for emphasisBOLD
89.8%
EndureLAST
89.6%
Rooster or ram, for exampleMALE
88.4%
PartnerMATE
88.1%
⇒ With rung B2... ⇒BATH
88%
Stinging insectWASP
87.8%
What pirates findLOOT
87.7%
Bottle stopperCORK
87.6%
Silly mistakeGOOF
87.4%
⇐ ...a place to take a shower ⇐ROOM
87.1%
The Game of ____LIFE
86.4%
4-Letter Word Word % Correct
Prepare a gunLOAD
85.9%
Weaving apparatusLOOM
85.7%
ElevateLIFT
85.4%
A greater amountMORE
85.3%
Paper holderFILE
83.7%
CenterCORE
83.7%
Female knightDAME
83.6%
Big partyBASH
82.1%
Inclined planeRAMP
82%
InciteGOAD
81.5%
⇐ ...a written set of desires ⇐LIST
80.6%
⇐ ...a festive explosive ⇐WORK
78.9%
Will-o'-the-____WISP
78.9%
RulerLORD
78%
⇒ With rung A2... ⇒GOLD
77.9%
Coarse woodworking toolRASP
77.2%
⇒ With rung D2... ⇒WISH
77%
An item in this ladderWORD
76.8%
⇒ With rung C2... ⇒FIRE
76.8%
Double ____DARE
74.9%
Drawn-out metalWIRE
74.5%
SwampMIRE
73.3%
A most hated thingBANE
71.4%
DesperateDIRE
70.7%
NaOH, for exampleBASE
67.5%

Today's Daily Dose

Missing Word
Entertainment 'R'

Word Ladder
Autumnal Things

Quick Pick
Autumn Things

Get the Picture
Rocky or Rambo?

You're not logged in!

Compare scores with friends on all Sporcle quizzes.
OR
Log In

Show Comments

Extras

Top Quizzes Today


Score Distribution

Your Account Isn't Verified!

In order to create a playlist on Sporcle, you need to verify the email address you used during registration. Go to your Sporcle Settings to finish the process.

Report this User

Report this user for behavior that violates our Community Guidelines.

Details: